Avventure a Napoli : (Registro nro. 6382)

Detalles MARC
000 -CABECERA
campo de control de longitud fija 00625nam a22002177i 4500
003 - IDENTIFICADOR DEL NÚMERO DE CONTROL
campo de control ItRI
005 - FECHA Y HORA DE LA ÚLTIMA TRANSACCIÓN
campo de control 20260206150405.0
008 - DATOS DE LONGITUD FIJA--INFORMACIÓN GENERAL
campo de control de longitud fija 260206s2021 it |||||| |||||0|||||c
020 ## - NÚMERO INTERNACIONAL ESTÁNDAR DEL LIBRO
Número Internacional Estándar del Libro 9788831496957
040 ## - FUENTE DE LA CATALOGACIÓN
Lengua de catalogación ita
Centro/agencia transcriptor AR-RoIUNI
080 ## - NÚMERO DE LA CLASIFICACIÓN DECIMAL UNIVERSAL
Número de la Clasificación Decimal Universal 811.131.1
100 1# - ENTRADA PRINCIPAL--NOMBRE DE PERSONA
Nombre de persona Marin, Telis
Código de función/relación aut
245 10 - MENCIÓN DE TÍTULO
Título Avventure a Napoli :
Resto del título una storia illustrata per stranieri /
Mención de responsabilidad, etc. Telis Marin.
Nombre de parte o sección de la obra B2
260 ## - PUBLICACIÓN, DISTRIBUCIÓN, ETC. (PIE DE IMPRENTA)
Lugar de publicación, distribución, etc. Roma :
Nombre del editor, distribuidor, etc. Edilingua ,
Fecha de publicación, distribución, etc. 2022
300 ## - DESCRIPCIÓN FÍSICA
Extensión 52 p. :
Otras características físicas il. ;
Dimensiones 29 cm
490 1# - MENCIÓN DE SERIE
Mención de serie Collana avventure italiane
Designación de volumen o secuencia B2
650 #0 - PUNTO DE ACCESO ADICIONAL DE MATERIA--TÉRMINO DE MATERIA
Término de materia o nombre geográfico como elemento inicial Italiano
Subdivisión general Lengua
9 (RLIN) 544
830 #0 - PUNTO DE ACCESO ADICIONAL DE SERIE-TÍTULO UNIFORME
Título uniforme Collana avventure italiane
Nombre de parte o sección de la obra B2
982 #1 - EQUIVALENCIA O REFERENCIA-CRUZADA-MENCIÓN DE SERIE--NOMBRE DE CONFERENCIA O REUNIÓN/CONGRESO/TÍTULO [LOCAL, CANADÁ]
Enlace z01
Nombre de congreso/reunión o jurisdicción como elemento de entrada n
942 ## - ELEMENTOS DE PUNTO DE ACCESO ADICIONAL (KOHA)
Fuente del sistema de clasificación o colocación Clasificación Decimal Universal
Tipo de ítem Koha Libros
Existencias
Estado de retiro Estado de pérdida Fuente del sistema de clasificación o colocación Estado dañado Excepción de préstamo Código de colección Localización permanente Ubicación/localización actual Ubicación en estantería Fecha de adquisición Fuente de adquisición Número de inventario Total de préstamos Signatura topográfica completa Código de barras Fecha visto por última vez Precio válido a partir de Tipo de ítem Koha
    Clasificación Decimal Universal     Idiomas BIBLIOTECA CENTRAL BIBLIOTECA CENTRAL BIBLIOTECA CENTRAL 06/02/2026 Donación 9226   811.131.1 MAR 9226 06/02/2026 06/02/2026 Libros